Production management for film and video
Guardat en:
| Autor principal: | |
|---|---|
| Format: | Llibre |
| Idioma: | anglès |
| Publicat: |
Focal Press
199
|
| Etiquetes: |
Afegir etiqueta
Sense etiquetes, Sigues el primer a etiquetar aquest registre!
|
MARC
| LEADER | 00000nam a22000007a 4500 | ||
|---|---|---|---|
| 008 | 211122b ||||| |||| 00| 0 eng d | ||
| 020 | |a 0240514157 | ||
| 100 | |a GATES, Richard | ||
| 245 | |a Production management for film and video |c Richard Gates |g x,167p.:ill. | ||
| 250 | |b 3rd ed. | ||
| 260 | |b Focal Press |c 199 |h Oxford |i 641548 |l PN1995.9P7G22 |m Motion pictures--Production and direction |m Video recordings--Production and direction | ||
| 500 | |a It includes index | ||
| 942 | |a lcc |c BK |e Kuteyi M. A. |f 22/11/2021 | ||
| 952 | |0 0 |1 0 |2 lcc |4 0 |6 PN19959 P7 G22 |7 0 |9 3893 |a HOL |b HOL |c LP |d 2021-11-22 |l 0 |o PN1995.9P7G22 |p 2021-67618 |r 2021-11-22 00:00:00 |w 2021-11-22 |y BK | ||
| 999 | |c 1944 |d 1944 | ||